| 000 | 02678cam a22004214i 4500 | ||
|---|---|---|---|
| 001 | 17506758 | ||
| 003 | OSt | ||
| 005 | 20241030102129.0 | ||
| 008 | 121024s2013 nyua 000 0 eng | ||
| 010 | _a 2012033929 | ||
| 020 | _a9780525953197 (hardback) | ||
| 040 |
_aDLC _beng _cDLC _erda _dDLC |
||
| 042 | _apcc | ||
| 050 | 0 | 0 |
_aSF433 _b.H355 2013 |
| 080 |
_a59 _bH-25 |
||
| 082 | 0 | 0 |
_a636.7/083 _223 |
| 084 |
_aPET004000 _aSCI008000 _2bisacsh |
||
| 100 | 1 |
_aHare, Brian, _d1976- |
|
| 245 | 1 | 4 |
_aThe genius of dogs : _bhow dogs are smarter than you think / _cBrian Hare and Vanessa Woods. |
| 260 |
_aNew York, New York : _bDutton, _c[2013] |
||
| 300 |
_axiii, 367 pages : _bcolored illustrations ; _c24 cm. |
||
| 336 |
_atext _2rdacontent |
||
| 337 |
_aunmediated _2rdamedia |
||
| 338 |
_avolume _2rdacarrier |
||
| 520 |
_a"Brian Hare, dog researcher, evolutionary anthropologist, and founder of the Duke Canine Cognition Center, and Vanessa Woods offer revolutionary new insights into dog intelligence and the interior lives of our smartest pets. In the past decade, we have learned more about how dogs think than in the last century. Breakthroughs in cognitive science, pioneered by Brian Hare have proven dogs have a kind of genius for getting along with people that is unique in the animal kingdom. Brian Hare's stunning discovery is that when dogs domesticated themselves around 40,000 years ago they became far more like human infants than their wolf ancestors. Domestication gave dogs a whole new kind of social intelligence. This finding will change the way we think about dogs and dog training--indeed, the revolution has already begun. Hare's seminal research has led him to work with every kind of dog from the tiniest shelter puppy to the exotic New Guinea singing dog, from his own childhood dog, Oreo, to the most fashionable schnoodle. The Genius of Dogs is nothing less than the definitive dog book of our time by the researcher who started a revolution. "-- _cProvided by publisher. |
||
| 650 | 0 |
_aDogs _xBehavior _xEvolution. |
|
| 650 | 0 | _aEvolution (Biology) | |
| 650 | 7 |
_aPETS / Dogs / General. _2bisacsh |
|
| 650 | 7 |
_aSCIENCE / Life Sciences / Biology / General. _2bisacsh |
|
| 653 | _aზოოლოგია | ||
| 653 | _aძაღლები | ||
| 700 | 1 |
_aWoods, Vanessa, _d1977- |
|
| 700 |
_aHare,Brian _9413 |
||
| 856 | 4 | 2 |
_3Cover image _uftp://ppftpuser:welcome@ftp01.penguingroup.com/Booksellers and Media/Covers/2008_2009_New_Covers/9780525953197.jpg |
| 906 |
_a7 _bcbc _corignew _d1 _eecip _f20 _gy-gencatlg |
||
| 942 |
_2udc _cBK |
||
| 999 |
_c489 _d489 |
||